000 00585nam a22001937a 4500
003 OSt
005 20180116183100.0
008 161202b xxu||||| |||| 00| 0 eng d
020 _a9788120324275
040 _c0
082 _a658.3 KAN 2003
100 _aKandula,Srinivas R.
245 _aHuman Resource Management In Practice :
_bWith 300 Models,Techniques and Tools
260 _aDelhi
_bPHI Learning Private Limited
_c2003
300 _a384p.
_bPB.
440 _aHuman Resource Management In Practice :With 300 Models,Techniques and Tools
500 _aPB.
942 _2ddc
_cBK
999 _c351952
_d351952